000 02787cam a2200181 4500500
005 20251228053011.0
041 _afre
042 _adc
100 1 0 _aClaude, Viviane
_eauthor
245 0 0 _aFrédéric Vidal, Les habitants d’Alcântara. Histoire sociale d’un quartier de Lisbonne au début du xxe siècle, Villeneuve d’Ascq, Presses universitaires du Septentrion, 2006, 489 p
260 _c2007.
500 _a87
520 _aRésuméLes pratiques sportives sont de plus en plus individuelles et aléatoires, investissant des lieux publics, voire de grandes étendues « sauvages ». Les piscines sont des espaces aux contraintes matérielles fortes et peu adaptées à ces tendances. Deux piscines strasbourgeoises ont une « identité » singulière : l’une, construite sous l’occupation allemande, était un « temple de l’hygiène » ; l’autre, construite dans les années 1960, témoigne du modèle sportif de l’époque. Entre contrainte spatiale et marge de liberté, l’article explore les déterminants des mises en jeu corporelles ; il envisage les pratiques comme le produit d’une double intervention des structures sociales, dans les espaces et dans les corps.
520 _aSporting practices are becoming increasingly individual and spontaneous, making use of public urban spaces, and even other wilder open areas. Swimming pools are now seen as too constraining, unfit to accommodate such trends. In Strasbourg, two pools have a strong « identity »: one, built during the German occupation, represents a « hygiene temple »; the other, built in the 1960s, represents the sporting model of that period. This paper analyses body practices as the product of the double intervention of social structures on spaces and bodies.
520 _aResumenLas prácticas deportivas son cada vez más individuales y aleatorias, se practican en los lugares públicos, sino en las grandes extensiones « salvajes ». Las piscinas son espacios sometidos a problemas de orden material y son poco adaptadas a las tendencias. Dos piscinas de Estrasburgo presentan una « identidad » singular: una construida bajo la ocupación alemana, era considerada como un « templo de higiene »; la otra, construida en los años 60, es muestra de un modelo deportivo de la época. Entre limitación espacial y el margen de la libertad, el presente artículo explora los determinantes de las puestas en marcha de los juegos corporales; se enfoca en las prácticas como el producto de una doble intervención de las estructuras sociales, en los espacios y en los cuerpos.
786 0 _nEspaces et sociétés | 130 | 3 | 2007-09-10 | p. 181d-195d | 0014-0481
856 4 1 _uhttps://shs.cairn.info/revue-espaces-et-societes-2007-3-page-181d?lang=fr&redirect-ssocas=7080
999 _c1584975
_d1584975